000 01525nam a2200265Ia 4500
003 OSt
005 20210408135449.0
008 191128s2005 ck ad gr 000 0 spa d
040 _aCO-JMCR
_cCO-JMCR
041 0 _aspa
082 0 4 _a918.61 /
_bA346r
_223
110 2 _aAlcaldía Mayor de Bogotá
_910042
245 1 0 _aRegión central de Colombia :
_baportes para la caracterización de los territorios que la conforman Boyacá, Meta, Tolima, Bogotá-Cundinamarca /
_cAlcaldía Mayor de Bogotá
260 _aBogotá :
_bAlcaldía Mayor de Bogotá : Universidad Nacional de Colombia,
_c2005
300 _a174 páginas ;
_bilustraciones y gráficas a blanco y negro ;
_c28 cm.
490 0 _aIntegración regional ;
_v2
500 _aIncluye notas a pie de página.
505 0 _aEl tema regional -- Diagnóstico General de Bogotá - Cundinamarca -- Diagnóstico general del Departamento de Boyacá -- Diagnóstico general del Departamento de Meta -- Diagnóstico general del Departamento de Tolima -- Aproximación a una mirada de conjunto de la región
520 3 _aEste documento presenta de manera sucinta el diagnóstico de los territorios de Boyacá, Cundinamarca-Bogotá, Meta y Tolima y de sus principales núcleos urbanos, elaborado durante los meses de febrero a abril de 2005.
650 1 4 _aIntegración regional
_93984
650 2 4 _aRegionalización
_xCooperación regional
_93991
650 2 4 _aGrupos de trabajo
_xCongresos
_93992
650 2 4 _aPlanes de desarrollo
_zColombia
_911146
942 _2ddc
_cBK
999 _c5039
_d5039